LEADER 01097nam0-22002891i-450- 001 990000131070403321 035 $a000013107 035 $aFED01000013107 035 $a(Aleph)000013107FED01 035 $a000013107 100 $a20011111d--------km-y0itay50------ba 101 0 $aita 105 $ay-------001yy 200 1 $aEvoluzione del disegno nell'integrazione delle politiche e delle metodologie industriali$eatti del 9.Convegno nazionale, Caserta-Aversa 27, 28, 29 settembre 1995$fA. D. M., Associazione nazionale disegno di macchine. 210 $aNapoli$cSeconda Università degli Studi di Napoli. Facoltà di Ingegneria$d1995 215 $aXIV, 799 p.$cill.$d24 cm 610 0 $aMacchine$aDisegno$aCongressi 676 $a604.2 710 02$aAssociazione nazionale disegno di macchine$04220 801 0$aIT$bUNINA$gRICA$2UNIMARC 901 $aBK 912 $a990000131070403321 952 $a13 G 13 25$b9011$fFINBC 959 $aFINBC 996 $aEvoluzione del disegno nell'integrazione delle politiche e delle metodologie industriali$9113935 997 $aUNINA DB $aING01 LEADER 01904nam0 22004093i 450 001 UBO3234285 005 20231121125900.0 100 $a20131130d1947 ||||0itac50 ba 101 | $alat$aita$clat 102 $ait 181 1$6z01$ai $bxxxe 182 1$6z01$an 200 1 $aEneide$eLibro quarto$fVirgilio$ga cura di Ettore Paratore 210 $aRoma$cGismondi$d1947 215 $aXLVII, 165 p.$d23 cm 225 | $aConvivium$ecollana di autori greci e latini$v4 410 0$1001RML0069622$12001 $aConvivium$ecollana di autori greci e latini$v4$1702 1$aNencioni$b, Giovanni$3CFIV027518$4070 500 10$aAeneis. Libro 4.$3USM1938356$9CFIV008978$918475 606 $aVirgilio Marone, Publio . Aeneis. 4.$xCommenti$2FIR$3RMLC425779$9E 676 $a873.01$9Poesia epica e narrativa latina. Periodo romano, fino al 499 ca.$v22 700 1$aVergilius Maro$b, Publius$3CFIV008978$4070$07260 702 1$aParatore$b, Ettore$3CFIV019191 790 1$aVirgilio Marone$b, Publio$3CFIV008979$zVergilius Maro, Publius 790 0$aVirgilio$c <70-19 a.C.>$3CFIV008980$zVergilius Maro, Publius 790 0$aVirgilius$c <70-19 a.C.>$3RAVV097791$zVergilius Maro, Publius 790 1$aVirgilio$b, Publio Marone$3SBNV028729$zVergilius Maro, Publius 790 0$aVergilius$c <70-19 a.C.>$3SBNV036222$zVergilius Maro, Publius 790 1$aVirgilius Maro$b, Publius$3SBNV036239$zVergilius Maro, Publius 801 3$aIT$bIT-01$c20131130 850 $aIT-RM0418 $aIT-FR0017 899 $aBIBLIOTECA ACCADEMIA NAZ. DEI LINCEI E CORSINIANA$bRM0418 899 $aBiblioteca umanistica Giorgio Aprea$bFR0017 $eN 912 $aUBO3234285 950 0$aBiblioteca umanistica Giorgio Aprea$d 52DFA C 70$e 52FLS0000315835 VMC RS $fC $h20150128$i20150128 977 $a 10$a 52 996 $aAeneis. Libro 4$918475 997 $aUNICAS